[Event "DVM U12 2022"]
[Site "München GER"]
[Date "2022.12.28"]
[Round "3"]
[White "Obermair, Hannes"]
[Black "Burban, Bogdan"]
[Result "1-0"]
[Termination "normal"]
[Board "7.4"]
[WhiteElo "1212"]
[BlackElo "1258"]
[WhiteClock "00:56:29"]
[BlackClock "00:43:34"]
[WhiteTeam "SG Turm Leipzig"]
[BlackTeam "SchachAkademiePaderborn"]
[PlyCount "69"]
[WhiteFideId "34640509"]
[BlackFideId "34609040"]
[EventCountry "GER"]
[EventRounds "7"]
[EventType "team-swiss"]
[EventDate "2022.12.26"]

1. c4 {[%clk 01:30:56]} {[%emt 00:00:03]} c6 {[%clk 01:30:55]} {[%emt
00:00:06]} 2. Nc3 {[%clk 01:30:22]} {[%emt 00:01:03]} d5 {[%clk 01:31:10]}
{[%emt 00:00:15]} 3. cxd5 {[%clk 01:29:57]} {[%emt 00:00:55]} cxd5 {[%clk
01:31:31]} {[%emt 00:00:09]} 4. d4 {[%clk 01:29:38]} {[%emt 00:00:47]} Nf6
{[%clk 01:31:25]} {[%emt 00:00:38]} 5. Bg5 {[%clk 01:28:34]} {[%emt 00:01:33]}
Nc6 {[%clk 01:31:28]} {[%emt 00:00:28]} 6. Nf3 {[%clk 01:27:22]} {[%emt
00:01:43]} Bf5 {[%clk 01:30:44]} {[%emt 00:01:14]} 7. e3 {[%clk 01:26:22]}
{[%emt 00:01:28]} e6 {[%clk 01:30:11]} {[%emt 00:01:05]} 8. Bb5 {[%clk
01:26:02]} {[%emt 00:00:49]} a6 {[%clk 01:28:20]} {[%emt 00:02:23]} 9. Bxc6
{[%clk 01:24:18]} {[%emt 00:02:12]} bxc6 {[%clk 01:28:39]} {[%emt 00:00:12]}
10. Qa4 {[%clk 01:22:55]} {[%emt 00:01:52]} Qb6 {[%clk 01:23:49]} {[%emt
00:05:22]} 11. Ne5 {[%clk 01:20:42]} {[%emt 00:02:42]} Rc8 {[%clk 01:23:23]}
{[%emt 00:00:56]} 12. O-O {[%clk 01:18:22]} {[%emt 00:02:51]} Be7 {[%clk
01:22:50]} {[%emt 00:01:03]} 13. Rac1 {[%clk 01:17:43]} {[%emt 00:01:08]} O-O
{[%clk 01:22:45]} {[%emt 00:00:37]} 14. Bxf6 {[%clk 01:17:23]} {[%emt
00:00:48]} Bxf6 {[%clk 01:23:05]} {[%emt 00:00:11]} 15. Nd7 {[%clk 01:17:35]}
{[%emt 00:00:17]} Qxb2 {[%clk 01:21:03]} {[%emt 00:02:34]} 16. Nxf8 {[%clk
01:16:53]} {[%emt 00:01:11]} Kxf8 {[%clk 01:19:59]} {[%emt 00:01:35]} 17. Qxa6
{[%clk 01:16:27]} {[%emt 00:00:55]} e5 {[%clk 01:15:50]} {[%emt 00:04:40]} 18.
dxe5 {[%clk 01:15:30]} {[%emt 00:01:25]} Bxe5 {[%clk 01:16:04]} {[%emt
00:00:18]} 19. Nxd5 {[%clk 01:14:05]} {[%emt 00:01:54]} Qb8 {[%clk 01:14:07]}
{[%emt 00:02:27]} 20. Rxc6 {[%clk 01:12:34]} {[%emt 00:01:58]} Rxc6 {[%clk
01:12:00]} {[%emt 00:02:41]} 21. Qxc6 {[%clk 01:12:31]} {[%emt 00:00:33]} Bxh2
{[%clk 01:10:46]} {[%emt 00:01:44]} 22. Kh1 {[%clk 01:12:40]} {[%emt 00:00:19]}
Be5 {[%clk 01:09:52]} {[%emt 00:01:26]} 23. f4 {[%clk 01:09:56]} {[%emt
00:03:11]} Bd6 {[%clk 01:05:47]} {[%emt 00:04:37]} 24. Rd1 {[%clk 01:07:24]}
{[%emt 00:02:51]} Ba3 {[%clk 01:03:58]} {[%emt 00:02:31]} 25. Nc3 {[%clk
01:04:25]} {[%emt 00:03:24]} g6 {[%clk 01:02:06]} {[%emt 00:02:27]} 26. e4
{[%clk 01:03:38]} {[%emt 00:01:13]} Bg4 {[%clk 01:00:58]} {[%emt 00:01:42]} 27.
Qf6 {[%clk 01:02:40]} {[%emt 00:01:22]} Ke8 {[%clk 00:52:47]} {[%emt 00:08:47]}
28. Rb1 {[%clk 01:00:18]} {[%emt 00:02:47]} Qc7 {[%clk 00:49:55]} {[%emt
00:03:27]} 29. Nb5 {[%clk 00:59:01]} {[%emt 00:05:59]} Qc5 30. Nxa3 {[%clk
00:57:49]} {[%emt 00:01:15]} Qxa3 {[%clk 00:45:56]} {[%emt 00:01:15]} 31. Rb8
{[%clk 00:57:25]} {[%emt 00:00:53]} Kd7 {[%clk 00:46:18]} {[%emt 00:00:09]} 32.
Rb7 {[%clk 00:56:31]} {[%emt 00:01:05]} Kc8 {[%clk 00:45:28]} {[%emt 00:01:38]}
33. Qc6 {[%clk 00:56:28]} {[%emt 00:00:31]} Kd8 {[%clk 00:45:27]} {[%emt
00:00:34]} 34. Rb8 {[%clk 00:56:29]} {[%emt 00:00:28]} Ke7 {[%clk 00:43:34]}
{[%emt 00:02:23]} 35. Re8# {[%emt 00:00:19]} 1-0

[Event "DVM U12 2022"]
[Site "München GER"]
[Date "2022.12.28"]
[Round "3"]
[White "Aweh, Mads"]
[Black "Kulkovets, Roman"]
[Result "1/2-1/2"]
[Termination "normal"]
[Board "8.1"]
[WhiteElo "1477"]
[BlackElo "1509"]
[WhiteClock "00:37:07"]
[BlackClock "01:17:28"]
[WhiteTeam "SSV Vimaria 91 Weimar"]
[BlackTeam "Heilbronner SV"]
[PlyCount "61"]
[WhiteFideId "34604278"]
[BlackFideId "34119272"]
[EventCountry "GER"]
[EventRounds "7"]
[EventType "team-swiss"]
[EventDate "2022.12.26"]

1. e4 {[%clk 01:30:17]} {[%emt 00:00:41]} c6 {[%clk 01:30:35]} {[%emt
00:00:25]} 2. d4 {[%clk 01:28:40]} {[%emt 00:02:07]} d5 {[%clk 01:30:52]}
{[%emt 00:00:14]} 3. e5 {[%clk 01:27:55]} {[%emt 00:01:15]} Bf5 {[%clk
01:31:03]} {[%emt 00:00:17]} 4. Bd3 {[%clk 01:26:37]} {[%emt 00:01:51]} Bxd3
{[%clk 01:31:12]} {[%emt 00:00:20]} 5. Qxd3 {[%clk 01:26:51]} {[%emt 00:00:16]}
Qa5 {[%clk 01:31:25]} {[%emt 00:00:17]} 6. c3 {[%clk 01:25:57]} {[%emt
00:01:24]} Qa6 {[%clk 01:31:23]} {[%emt 00:00:31]} 7. Qxa6 {[%clk 01:24:34]}
{[%emt 00:01:54]} Nxa6 {[%clk 01:31:44]} {[%emt 00:00:08]} 8. Ne2 {[%clk
01:24:03]} {[%emt 00:01:01]} e6 {[%clk 01:32:05]} {[%emt 00:00:10]} 9. O-O
{[%clk 01:23:41]} {[%emt 00:00:51]} c5 {[%clk 01:32:28]} {[%emt 00:00:08]} 10.
Bd2 {[%clk 01:21:38]} {[%emt 00:02:34]} Ne7 {[%clk 01:30:25]} {[%emt 00:02:32]}
11. Na3 {[%clk 01:19:21]} {[%emt 00:02:47]} cxd4 {[%clk 01:28:33]} {[%emt
00:02:21]} 12. cxd4 {[%clk 01:19:41]} {[%emt 00:00:11]} Nc6 {[%clk 01:27:22]}
{[%emt 00:01:41]} 13. Nc2 {[%clk 01:19:00]} {[%emt 00:01:11]} Rc8 {[%clk
01:27:36]} {[%emt 00:00:16]} 14. Rac1 {[%clk 01:18:31]} {[%emt 00:00:59]} Kd7
{[%clk 01:27:51]} {[%emt 00:00:15]} 15. Ne3 {[%clk 01:15:39]} {[%emt 00:03:22]}
Bb4 {[%clk 01:26:52]} {[%emt 00:01:30]} 16. Bxb4 {[%clk 01:14:55]} {[%emt
00:01:13]} Ncxb4 {[%clk 01:24:50]} {[%emt 00:02:32]} 17. a3 {[%clk 01:13:25]}
{[%emt 00:02:01]} Nc6 {[%clk 01:24:56]} {[%emt 00:00:24]} 18. b4 {[%clk
01:12:29]} {[%emt 00:01:26]} Ne7 {[%clk 01:25:01]} {[%emt 00:00:24]} 19. f4
{[%clk 01:09:11]} {[%emt 00:03:48]} g6 {[%clk 01:23:03]} {[%emt 00:02:28]} 20.
Nc3 {[%clk 01:01:10]} {[%emt 00:08:31]} Nc7 {[%clk 01:22:25]} {[%emt 00:01:08]}
21. Na4 {[%clk 00:55:58]} {[%emt 00:05:42]} b6 {[%clk 01:21:52]} {[%emt
00:01:03]} 22. Nc3 {[%clk 00:55:36]} {[%emt 00:00:52]} Nc6 {[%clk 01:20:22]}
{[%emt 00:02:00]} 23. Rfd1 {[%clk 00:54:20]} {[%emt 00:01:46]} a6 {[%clk
01:20:16]} {[%emt 00:00:36]} 24. Ng4 {[%clk 00:52:50]} {[%emt 00:02:00]} Nb5
{[%clk 01:18:11]} {[%emt 00:02:36]} 25. Nxb5 {[%clk 00:51:13]} {[%emt
00:02:07]} axb5 {[%clk 01:18:37]} {[%emt 00:00:03]} 26. Rc3 {[%clk 00:46:32]}
{[%emt 00:05:11]} h5 {[%clk 01:17:54]} {[%emt 00:01:13]} 27. Nf6 {[%clk
00:46:38]} {[%emt 00:00:24]} Kc7 {[%clk 01:17:36]} {[%emt 00:00:48]} 28. Kf2
{[%clk 00:37:32]} {[%emt 00:09:36]} Kb7 {[%clk 01:17:49]} {[%emt 00:00:17]} 29.
Rdd3 {[%clk 00:37:08]} {[%emt 00:00:54]} Rc7 {[%clk 01:17:06]} {[%emt
00:01:13]} 30. Ke3 {[%clk 00:37:07]} {[%emt 00:00:31]} Rhc8 {[%clk 01:17:28]}
{[%emt 00:00:07]} 31. Kd2 {[%emt 00:09:49]} 1/2-1/2

[Event "DVM U12 2022"]
[Site "München GER"]
[Date "2022.12.28"]
[Round "3"]
[White "Wolff, Calvin"]
[Black "Bock, Leonas"]
[Result "0-1"]
[Termination "normal"]
[Board "8.2"]
[WhiteElo "1429"]
[BlackElo "1284"]
[WhiteClock "00:08:17"]
[BlackClock "00:09:34"]
[WhiteTeam "Heilbronner SV"]
[BlackTeam "SSV Vimaria 91 Weimar"]
[PlyCount "74"]
[WhiteFideId "16269969"]
[BlackFideId "16287118"]
[EventCountry "GER"]
[EventRounds "7"]
[EventType "team-swiss"]
[EventDate "2022.12.26"]

1. e4 {[%clk 01:30:57]} {[%emt 00:00:03]} c5 {[%clk 01:30:49]} {[%emt
00:00:10]} 2. Nf3 {[%clk 01:30:53]} {[%emt 00:00:34]} Nc6 {[%clk 01:31:10]}
{[%emt 00:00:08]} 3. Bb5 {[%clk 01:31:18]} {[%emt 00:00:06]} e6 {[%clk
01:31:10]} {[%emt 00:00:30]} 4. Bxc6 {[%clk 01:28:42]} {[%emt 00:03:06]} bxc6
{[%clk 01:31:31]} {[%emt 00:00:08]} 5. O-O {[%clk 01:27:19]} {[%emt 00:01:54]}
d5 {[%clk 01:27:03]} {[%emt 00:04:57]} 6. e5 {[%clk 01:19:42]} {[%emt
00:08:07]} Nh6 {[%clk 01:15:53]} {[%emt 00:11:40]} 7. c3 {[%clk 01:07:28]}
{[%emt 00:12:43]} Nf5 {[%clk 01:15:00]} {[%emt 00:01:24]} 8. d4 {[%clk
01:07:17]} {[%emt 00:00:41]} Bd7 {[%clk 01:04:12]} {[%emt 00:11:18]} 9. Re1
{[%clk 01:05:11]} {[%emt 00:02:36]} cxd4 {[%clk 01:01:05]} {[%emt 00:03:37]}
10. Nxd4 {[%clk 01:03:44]} {[%emt 00:01:58]} Nxd4 {[%clk 00:58:40]} {[%emt
00:02:54]} 11. cxd4 {[%clk 01:04:04]} {[%emt 00:00:11]} c5 {[%clk 00:56:27]}
{[%emt 00:02:43]} 12. Nc3 {[%clk 00:56:51]} {[%emt 00:07:41]} Rb8 {[%clk
00:52:11]} {[%emt 00:04:47]} 13. Re3 {[%clk 00:46:27]} {[%emt 00:10:55]} cxd4
{[%clk 00:42:57]} {[%emt 00:09:49]} 14. Qxd4 {[%clk 00:44:18]} {[%emt
00:02:32]} Rb4 {[%clk 00:41:42]} {[%emt 00:01:45]} 15. Qxa7 {[%clk 00:29:55]}
{[%emt 00:14:54]} d4 {[%clk 00:40:56]} {[%emt 00:01:15]} 16. Rg3 {[%clk
00:28:53]} {[%emt 00:01:32]} dxc3 {[%clk 00:40:23]} {[%emt 00:01:04]} 17. Rxc3
{[%clk 00:27:21]} {[%emt 00:02:02]} Re4 {[%clk 00:36:11]} {[%emt 00:04:41]} 18.
Be3 {[%clk 00:27:10]} {[%emt 00:00:42]} Ra4 {[%clk 00:30:17]} {[%emt 00:06:24]}
19. Qb7 {[%clk 00:25:46]} {[%emt 00:01:53]} Rb4 {[%clk 00:26:17]} {[%emt
00:04:30]} 20. Qa7 {[%clk 00:23:12]} {[%emt 00:03:05]} Qb8 {[%clk 00:25:01]}
{[%emt 00:01:45]} 21. Qxb8 {[%clk 00:19:58]} {[%emt 00:03:44]} Rxb8 {[%clk
00:25:26]} {[%emt 00:00:06]} 22. Rc7 {[%clk 00:19:28]} {[%emt 00:01:00]} Rc8
{[%clk 00:20:06]} {[%emt 00:05:50]} 23. Rb7 {[%clk 00:19:25]} {[%emt 00:00:33]}
Bc6 {[%clk 00:19:35]} {[%emt 00:01:01]} 24. Ra7 {[%clk 00:19:02]} {[%emt
00:00:53]} Bd5 {[%clk 00:18:54]} {[%emt 00:01:11]} 25. a3 {[%clk 00:17:17]}
{[%emt 00:02:15]} g5 {[%clk 00:14:12]} {[%emt 00:05:12]} 26. b4 {[%clk
00:16:32]} {[%emt 00:01:15]} Bg7 {[%clk 00:12:28]} {[%emt 00:02:14]} 27. Bd4
{[%clk 00:11:35]} {[%emt 00:05:27]} O-O {[%clk 00:12:37]} {[%emt 00:00:22]} 28.
b5 {[%clk 00:11:07]} {[%emt 00:00:58]} Rb8 {[%clk 00:11:01]} {[%emt 00:02:05]}
29. a4 {[%clk 00:09:15]} {[%emt 00:02:22]} Rfd8 {[%clk 00:10:43]} {[%emt
00:00:48]} 30. Rc7 {[%clk 00:08:17]} {[%emt 00:01:29]} Bb3 {[%clk 00:09:34]}
{[%emt 00:01:39]} 31. Ba7 Bxe5 {[%clk 00:09:34]} 32. Bxb8 Bxa1 {[%clk
00:09:34]} 33. Rc1 Bb2 {[%clk 00:09:34]} 34. Rb1 Bc2 {[%clk 00:09:34]} 35. Bc7
Rd7 {[%clk 00:09:34]} 36. b6 Bxb1 {[%clk 00:09:34]} 37. h3 Be4 {[%clk
00:09:34]} 0-1

[Event "DVM U12 2022"]
[Site "München GER"]
[Date "2022.12.28"]
[Round "3"]
[White "Kalinin, Alexej"]
[Black "Mast, Noah Ben"]
[Result "1-0"]
[Termination "normal"]
[Board "8.3"]
[WhiteElo "1330"]
[BlackElo "1122"]
[WhiteClock "00:36:07"]
[BlackClock "01:23:45"]
[WhiteTeam "SSV Vimaria 91 Weimar"]
[BlackTeam "Heilbronner SV"]
[PlyCount "61"]
[WhiteFideId "34617167"]
[BlackFideId "34632042"]
[EventCountry "GER"]
[EventRounds "7"]
[EventType "team-swiss"]
[EventDate "2022.12.26"]

1. d4 {[%clk 01:30:51]} {[%emt 00:00:08]} d5 {[%clk 01:30:41]} {[%emt
00:00:20]} 2. e3 {[%clk 01:31:05]} {[%emt 00:00:16]} Nf6 {[%clk 01:30:53]}
{[%emt 00:00:17]} 3. Nf3 {[%clk 01:31:04]} {[%emt 00:00:32]} Nc6 {[%clk
01:31:10]} {[%emt 00:00:14]} 4. Bd3 {[%clk 01:31:05]} {[%emt 00:00:27]} Bg4
{[%clk 01:31:24]} {[%emt 00:00:16]} 5. Nbd2 {[%clk 01:31:03]} {[%emt 00:00:32]}
e5 {[%clk 01:31:20]} {[%emt 00:00:34]} 6. Be2 {[%clk 01:30:30]} {[%emt
00:01:04]} Bxf3 {[%clk 01:31:04]} {[%emt 00:00:46]} 7. Nxf3 {[%clk 01:30:39]}
{[%emt 00:00:20]} e4 {[%clk 01:31:05]} {[%emt 00:00:30]} 8. Nd2 {[%clk
01:29:47]} {[%emt 00:01:22]} Bd6 {[%clk 01:31:09]} {[%emt 00:00:26]} 9. c4
{[%clk 01:28:55]} {[%emt 00:01:22]} Nb4 {[%clk 01:30:39]} {[%emt 00:00:59]} 10.
c5 {[%clk 01:27:53]} {[%emt 00:01:33]} Be7 {[%clk 01:30:46]} {[%emt 00:00:24]}
11. Qa4 {[%clk 01:28:09]} {[%emt 00:00:14]} Nc6 {[%clk 01:30:52]} {[%emt
00:00:24]} 12. f3 {[%clk 01:23:00]} {[%emt 00:05:37]} O-O {[%clk 01:30:10]}
{[%emt 00:01:14]} 13. fxe4 {[%clk 01:22:46]} {[%emt 00:00:44]} Nxe4 {[%clk
01:29:26]} {[%emt 00:01:15]} 14. O-O {[%clk 01:15:01]} {[%emt 00:08:14]} Bg5
{[%clk 01:28:13]} {[%emt 00:01:42]} 15. Nf3 {[%clk 01:14:06]} {[%emt 00:01:26]}
f5 {[%clk 01:27:18]} {[%emt 00:01:26]} 16. Bd3 {[%clk 01:07:42]} {[%emt
00:06:54]} Re8 {[%clk 01:26:26]} {[%emt 00:01:21]} 17. Qb3 {[%clk 00:59:55]}
{[%emt 00:08:19]} Na5 {[%clk 01:26:26]} {[%emt 00:00:29]} 18. Qb4 {[%clk
00:56:18]} {[%emt 00:04:06]} b6 {[%clk 01:26:17]} {[%emt 00:00:41]} 19. cxb6
{[%clk 00:54:55]} {[%emt 00:01:52]} axb6 {[%clk 01:26:26]} {[%emt 00:00:21]}
20. Qe1 {[%clk 00:41:52]} {[%emt 00:13:32]} c5 {[%clk 01:25:55]} {[%emt
00:01:02]} 21. dxc5 {[%clk 00:40:25]} {[%emt 00:01:57]} Nxc5 {[%clk 01:26:10]}
{[%emt 00:00:15]} 22. Bxf5 {[%clk 00:38:37]} {[%emt 00:02:18]} Qf6 {[%clk
01:24:24]} {[%emt 00:02:15]} 23. Nxg5 {[%clk 00:37:49]} {[%emt 00:01:19]} Qxg5
{[%clk 01:24:27]} {[%emt 00:00:27]} 24. b4 {[%clk 00:36:57]} {[%emt 00:01:23]}
Nc4 {[%clk 01:24:08]} {[%emt 00:00:47]} 25. bxc5 {[%clk 00:35:44]} {[%emt
00:01:44]} Nxe3 {[%clk 01:24:11]} {[%emt 00:00:28]} 26. Bxe3 {[%clk 00:35:38]}
{[%emt 00:00:35]} Rxe3 {[%clk 01:24:20]} {[%emt 00:00:21]} 27. Qf2 {[%clk
00:35:39]} {[%emt 00:00:29]} bxc5 {[%clk 01:23:25]} {[%emt 00:01:25]} 28. Be6
{[%clk 00:35:29]} {[%emt 00:00:40]} Rxe6 {[%clk 01:23:28]} {[%emt 00:00:27]}
29. Qf7 {[%clk 00:35:54]} {[%emt 00:00:05]} Kh8 {[%clk 01:23:21]} {[%emt
00:00:37]} 30. Qf8 {[%clk 00:36:13]} {[%emt 00:00:10]} Rxf8 {[%clk 01:23:45]}
{[%emt 00:00:07]} 31. Rxf8# {[%clk 00:36:07]} {[%emt 00:00:05]} 1-0

[Event "DVM U12 2022"]
[Site "München GER"]
[Date "2022.12.28"]
[Round "3"]
[White "Tselepidis, Konstantinos"]
[Black "Kirsch, Jamie"]
[Result "1-0"]
[Termination "normal"]
[Board "8.4"]
[WhiteElo "1015"]
[BlackElo "1148"]
[WhiteClock "00:18:04"]
[BlackClock "00:03:54"]
[WhiteTeam "Heilbronner SV"]
[BlackTeam "SSV Vimaria 91 Weimar"]
[PlyCount "145"]
[WhiteFideId "34630619"]
[BlackFideId "34640460"]
[EventCountry "GER"]
[EventRounds "7"]
[EventType "team-swiss"]
[EventDate "2022.12.26"]

1. e4 {[%clk 01:30:42]} {[%emt 00:00:17]} d5 {[%clk 01:30:45]} {[%emt
00:00:15]} 2. exd5 {[%clk 01:30:31]} {[%emt 00:00:41]} Qxd5 {[%clk 01:30:58]}
{[%emt 00:00:17]} 3. Nc3 {[%clk 01:30:38]} {[%emt 00:00:24]} Qa5 {[%clk
01:31:08]} {[%emt 00:00:19]} 4. Nf3 {[%clk 01:29:49]} {[%emt 00:01:20]} Nf6
{[%clk 01:30:18]} {[%emt 00:01:19]} 5. h3 {[%clk 01:27:33]} {[%emt 00:02:47]}
c6 {[%clk 01:25:04]} {[%emt 00:05:43]} 6. Bc4 {[%clk 01:20:10]} {[%emt
00:07:55]} Bf5 {[%clk 01:21:54]} {[%emt 00:03:37]} 7. O-O {[%clk 01:18:34]}
{[%emt 00:02:09]} Nbd7 {[%clk 01:16:32]} {[%emt 00:05:52]} 8. Re1 {[%clk
01:13:24]} {[%emt 00:05:40]} e6 {[%clk 01:08:45]} {[%emt 00:08:17]} 9. d3
{[%clk 01:00:13]} {[%emt 00:13:41]} h6 {[%clk 01:01:33]} {[%emt 00:07:40]} 10.
Bd2 {[%clk 00:54:31]} {[%emt 00:06:12]} Qc7 {[%clk 00:54:21]} {[%emt 00:07:41]}
11. Qc1 {[%clk 00:52:45]} {[%emt 00:02:17]} Bd6 {[%clk 00:47:44]} {[%emt
00:07:03]} 12. d4 {[%clk 00:49:42]} {[%emt 00:03:38]} O-O-O {[%clk 00:43:44]}
{[%emt 00:04:29]} 13. Ne2 {[%clk 00:38:57]} {[%emt 00:11:16]} Ne4 {[%clk
00:37:58]} {[%emt 00:06:13]} 14. Be3 {[%clk 00:32:07]} {[%emt 00:07:22]} g5
{[%clk 00:34:38]} {[%emt 00:03:49]} 15. Kf1 {[%clk 00:29:17]} {[%emt 00:03:22]}
Rdg8 {[%clk 00:29:28]} {[%emt 00:05:39]} 16. Nc3 {[%clk 00:15:17]} {[%emt
00:14:30]} Ndf6 {[%clk 00:26:03]} {[%emt 00:03:55]} 17. Bd2 {[%clk 00:12:30]}
{[%emt 00:03:18]} Nxd2 {[%clk 00:22:48]} {[%emt 00:03:44]} 18. Qxd2 {[%clk
00:12:43]} {[%emt 00:00:17]} Bf4 {[%clk 00:22:32]} {[%emt 00:00:43]} 19. Qd1
{[%clk 00:11:25]} {[%emt 00:01:51]} h5 {[%clk 00:20:03]} {[%emt 00:02:59]} 20.
Ne5 {[%clk 00:06:32]} {[%emt 00:05:24]} c5 {[%clk 00:18:07]} {[%emt 00:02:24]}
21. Bb3 {[%clk 00:05:39]} {[%emt 00:01:23]} Rd8 {[%clk 00:15:58]} {[%emt
00:02:41]} 22. Nb5 {[%clk 00:02:37]} {[%emt 00:03:32]} Qe7 {[%clk 00:04:26]}
{[%emt 00:11:52]} 23. Nxa7 {[%clk 00:03:01]} {[%emt 00:00:16]} Kc7 {[%clk
00:03:57]} {[%emt 00:00:57]} 24. Nb5 {[%clk 00:03:24]} {[%emt 00:00:09]} Kb8
{[%clk 00:03:57]} {[%emt 00:00:22]} 25. a4 {[%clk 00:03:31]} {[%emt 00:00:30]}
Ne4 {[%clk 00:03:50]} {[%emt 00:00:37]} 26. a5 {[%clk 00:03:39]} {[%emt
00:00:22]} Bxe5 {[%clk 00:04:08]} {[%emt 00:00:12]} 27. a6 {[%clk 00:03:59]}
{[%emt 00:00:10]} cxd4 {[%clk 00:03:48]} {[%emt 00:00:50]} 28. axb7 {[%clk
00:04:22]} {[%emt 00:00:07]} Qxb7 {[%clk 00:03:21]} {[%emt 00:00:56]} 29. Bc4
{[%clk 00:04:45]} {[%emt 00:00:07]} Rc8 {[%clk 00:03:33]} {[%emt 00:00:18]} 30.
b3 {[%clk 00:05:07]} {[%emt 00:00:08]} d3 {[%clk 00:03:42]} {[%emt 00:00:21]}
31. cxd3 {[%clk 00:05:23]} {[%emt 00:00:13]} Bxa1 {[%clk 00:04:03]} {[%emt
00:00:09]} 32. Qxa1 {[%clk 00:06:15]} {[%emt 00:00:08]} Nd2 {[%clk 00:04:54]}
{[%emt 00:00:09]} 33. Kg1 {[%clk 00:06:30]} {[%emt 00:00:14]} Nxc4 {[%clk
00:05:12]} {[%emt 00:00:12]} 34. bxc4 {[%clk 00:06:55]} {[%emt 00:00:05]} Bxd3
{[%clk 00:05:27]} {[%emt 00:00:15]} 35. Nd6 {[%clk 00:07:14]} {[%emt 00:00:10]}
Qc7 {[%clk 00:05:29]} {[%emt 00:00:28]} 36. Nb5 {[%clk 00:07:18]} {[%emt
00:00:27]} Qb7 {[%clk 00:05:32]} {[%emt 00:00:27]} 37. Nd6 {[%clk 00:07:38]}
{[%emt 00:00:11]} Qc7 {[%clk 00:05:47]} {[%emt 00:00:09]} 38. Nb5 {[%clk
00:08:02]} {[%emt 00:00:12]} Qb6 {[%clk 00:06:07]} {[%emt 00:00:09]} 39. Rd1
{[%clk 00:08:06]} {[%emt 00:00:26]} Bxc4 {[%clk 00:06:19]} {[%emt 00:00:18]}
40. Nd6 {[%clk 00:08:26]} {[%emt 00:00:10]} Rhd8 {[%clk 00:06:07]} {[%emt
00:00:41]} 41. Rb1 {[%clk 00:08:28]} {[%emt 00:00:29]} Rxd6 {[%clk 00:06:05]}
{[%emt 00:00:32]} 42. Rxb6 {[%clk 00:08:49]} {[%emt 00:00:09]} Rxb6 {[%clk
00:06:27]} {[%emt 00:00:08]} 43. Qe5 {[%clk 00:09:11]} {[%emt 00:00:08]} Kb7
{[%clk 00:06:19]} {[%emt 00:00:38]} 44. Qxg5 {[%clk 00:09:27]} {[%emt
00:00:15]} Rb1 {[%clk 00:06:35]} {[%emt 00:00:14]} 45. Kh2 {[%clk 00:09:48]}
{[%emt 00:00:09]} Rh8 {[%clk 00:06:19]} {[%emt 00:00:45]} 46. Qe7 {[%clk
00:10:07]} {[%emt 00:00:12]} Kc6 {[%clk 00:06:32]} {[%emt 00:00:16]} 47. Qxf7
{[%clk 00:10:19]} {[%emt 00:00:19]} h4 {[%clk 00:06:16]} {[%emt 00:00:46]} 48.
Qf3 {[%clk 00:10:36]} {[%emt 00:00:13]} Bd5 {[%clk 00:06:21]} {[%emt 00:00:23]}
49. Qc3 {[%clk 00:10:55]} {[%emt 00:00:13]} Kd6 {[%clk 00:06:32]} {[%emt
00:00:18]} 50. Qxh8 {[%clk 00:11:15]} {[%emt 00:00:11]} Kc6 {[%clk 00:05:11]}
{[%emt 00:01:50]} 51. Qxh4 {[%clk 00:11:31]} {[%emt 00:00:14]} Rb6 {[%clk
00:05:10]} {[%emt 00:00:31]} 52. Qa4 {[%clk 00:11:48]} {[%emt 00:00:14]} Rb5
{[%clk 00:05:18]} {[%emt 00:00:21]} 53. h4 {[%clk 00:12:05]} {[%emt 00:00:13]}
Kc5 {[%clk 00:05:15]} {[%emt 00:00:33]} 54. Qc2 {[%clk 00:12:23]} {[%emt
00:00:12]} Kd6 {[%clk 00:05:20]} {[%emt 00:00:25]} 55. h5 {[%clk 00:12:24]}
{[%emt 00:00:29]} Rb7 {[%clk 00:04:20]} {[%emt 00:01:29]} 56. h6 {[%clk
00:12:41]} {[%emt 00:00:13]} Rb8 {[%clk 00:04:18]} {[%emt 00:00:33]} 57. h7
{[%clk 00:12:52]} {[%emt 00:00:19]} Ke5 {[%clk 00:03:49]} {[%emt 00:00:59]} 58.
Qg6 {[%clk 00:13:09]} {[%emt 00:00:13]} Be4 {[%clk 00:03:59]} {[%emt 00:00:18]}
59. Qg7 {[%clk 00:13:28]} {[%emt 00:00:13]} Kd6 {[%clk 00:03:57]} {[%emt
00:00:31]} 60. h8=Q {[%emt 00:00:15]} Rxh8 {[%clk 00:04:23]} {[%emt 00:00:02]}
61. Qxh8 {[%clk 00:14:04]} {[%emt 00:00:11]} Bf5 {[%clk 00:04:42]} {[%emt
00:00:11]} 62. Qd4 {[%clk 00:14:22]} {[%emt 00:00:12]} Ke7 {[%clk 00:05:02]}
{[%emt 00:00:10]} 63. g4 {[%clk 00:14:46]} {[%emt 00:00:06]} Bg6 {[%emt
00:00:22]} 64. f4 {[%clk 00:15:09]} Kf7 {[%clk 00:05:06]} {[%emt 00:00:41]} 65.
Qe5 {[%clk 00:15:00]} {[%emt 00:00:09]} Ke7 {[%clk 00:04:14]} {[%emt 00:01:21]}
66. f5 {[%clk 00:15:49]} {[%emt 00:00:11]} Bf7 {[%clk 00:04:16]} {[%emt
00:00:28]} 67. g5 {[%clk 00:16:13]} {[%emt 00:00:07]} Kd7 {[%clk 00:04:28]}
{[%emt 00:00:18]} 68. Qd4 {[%clk 00:16:11]} {[%emt 00:00:31]} Ke7 {[%clk
00:04:36]} {[%emt 00:00:20]} 69. g6 {[%clk 00:16:33]} {[%emt 00:00:11]} Be8
{[%clk 00:03:52]} {[%emt 00:01:14]} 70. f6 {[%clk 00:16:50]} {[%emt 00:00:13]}
Kf8 {[%clk 00:03:59]} {[%emt 00:00:23]} 71. Qd6 {[%clk 00:17:14]} {[%emt
00:00:06]} Kg8 {[%clk 00:04:14]} {[%emt 00:00:15]} 72. Qxe6 {[%clk 00:17:38]}
{[%emt 00:00:06]} Kh8 {[%clk 00:03:54]} {[%emt 00:00:49]} 73. Qxe8# {[%clk
00:18:04]} {[%emt 00:00:05]} 1-0